=LDR 00000nam 2200000 4500 =001 INLIS000000000034797 =005 20251229040201 =035 ##$$a 0010-061300000034797 =008 251229###########################0#ind## =041 ##$$a ind =082 ##$$a 028.5 =090 ##$$a F Rom K, Nan k =100 ##$$a NASSI, Muhammad =245 1#$$a Kota yang hilang, /$c M.Nassi ; editor, Prista Rini =260 ##$$a Bandung :$b Habsa Jaya =300 ##$$a iv, 68 hlm, ilus, 25 cm : $b ilus ; $c 17,5 x 25 cm =650 #4$$a Fiksi Anak =700 #$$a Rini, Prista =850 ##$$a NBPNMAT =020 ##$$a 979-363-896-6 =084 ##$$a 028.5 NAS k =990 ##$$a 1202001939 =990 ##$$a 08010801 =990 ##$$a 21010700 =990 ##$$a 1202001939